| 000 | 00569nam a2200181Ia 4500 | ||
|---|---|---|---|
| 999 |
_c22681 _d22681 |
||
| 003 | OSt | ||
| 005 | 20200323110418.0 | ||
| 008 | 190216s9999||||xx |||||||||||||| ||und|| | ||
| 020 | _a9788174354006 | ||
| 040 | _coclc | ||
| 082 |
_a297.0954 _bGHA/I |
||
| 100 |
_aGhazi, Mahamood Ahamad _92158 |
||
| 245 | 0 |
_aIslamic Renaissance In South Asia-1707-1867 / _cMahamood Ahamad Ghazi |
|
| 260 |
_bAdam Publishers&Distributors, _aNew Delhi: _c2004. |
||
| 300 | _a298p | ||
| 650 | _aIslamic History | ||
| 942 |
_cBK _2ddc _h297.0954 _iGHA/I _k297.0954 _mGHA/I |
||